| 000 | 00592nam a22001937a 4500 | ||
|---|---|---|---|
| 003 | OSt | ||
| 005 | 20140310182952.0 | ||
| 008 | 130206t xxu||||| |||| 00| 0 eng d | ||
| 020 | _a9789712721267 | ||
| 050 |
_aBJ 1528 _b.R173 2009 |
||
| 100 | _aRamirez, Veronica Esposo. | ||
| 245 |
_aTeaching schoolchildren virtues : _b strategies for integrating virtues in grade school curriculum / _cVeronica Esposo Ramirez. |
||
| 260 |
_aPasig City : _bAnvil Publishing, _c2009. |
||
| 300 |
_a241 p. : _c 22 cm. _bill. ; |
||
| 521 | _aEDU | ||
| 562 | _e1 | ||
| 942 |
_2lcc _cBK _kLOC |
||
| 999 |
_c17929 _d17929 |
||